Design portfolios : (Record no. 353992)
[ view plain ]
| 000 -LEADER | |
|---|---|
| fixed length control field | 01583nam a2200289 a 4500 |
| 001 - CONTROL NUMBER | |
| control field | ASIN1609012410 |
| 003 - CONTROL NUMBER IDENTIFIER | |
| control field | OSt |
| 005 - DATE AND TIME OF LATEST TRANSACTION | |
| control field | 20180116192423.0 |
| 008 - FIXED-LENGTH DATA ELEMENTS--GENERAL INFORMATION | |
| fixed length control field | 140715s2012 xxu eng d |
| 020 ## - INTERNATIONAL STANDARD BOOK NUMBER | |
| International Standard Book Number | 1609012410 (paperback) |
| Terms of availability | $75.00 |
| 020 ## - INTERNATIONAL STANDARD BOOK NUMBER | |
| International Standard Book Number | 9781609012410 (paperback) |
| 040 ## - CATALOGING SOURCE | |
| Transcribing agency | sada |
| 050 04 - LIBRARY OF CONGRESS CALL NUMBER | |
| Classification number | NA1996 |
| 082 04 - DEWEY DECIMAL CLASSIFICATION NUMBER | |
| Classification number | 720.23 |
| 100 1# - MAIN ENTRY--PERSONAL NAME | |
| Personal name | Bender, Dianne. |
| 9 (RLIN) | 7698 |
| 245 10 - TITLE STATEMENT | |
| Title | Design portfolios : |
| Remainder of title | moving from traditional to digital / |
| Statement of responsibility, etc. | Dianne Bender. |
| 250 ## - EDITION STATEMENT | |
| Edition statement | Second Edition. |
| 260 ## - PUBLICATION, DISTRIBUTION, ETC. | |
| Place of publication, distribution, etc. | [S.l.] : |
| Name of publisher, distributor, etc. | Fairchild Books, |
| Date of publication, distribution, etc. | 2012. |
| 300 ## - PHYSICAL DESCRIPTION | |
| Extent | 448 p. ; |
| Dimensions | 28 cm. |
| 520 ## - SUMMARY, ETC. | |
| Summary, etc. | Today’s students of architecture, interior design, and landscape design need to master the art of marketing themselves via both traditional handheld and digital portfolios. Design Portfolios: Moving from Traditional to Digital, 2nd Edition , enables students to create portfolios that serve as both evolving collections of creative solutions to design problems and evidence of their abilities to visually relay messages. Addressing issues of creation, maintenance, and presentation, the book guides students through every step of the interview and presentation process—from making first contact to composing a thank you letter and securing a job. |
| 650 #0 - SUBJECT ADDED ENTRY--TOPICAL TERM | |
| Topical term or geographic name entry element | Architecture portfolios |
| 9 (RLIN) | 7699 |
| 650 #0 - SUBJECT ADDED ENTRY--TOPICAL TERM | |
| Topical term or geographic name entry element | Employment portfolios |
| 9 (RLIN) | 7700 |
| 650 #0 - SUBJECT ADDED ENTRY--TOPICAL TERM | |
| Topical term or geographic name entry element | Interior decoration--Vocational guidance |
| 9 (RLIN) | 7701 |
| 650 #0 - SUBJECT ADDED ENTRY--TOPICAL TERM | |
| Topical term or geographic name entry element | Landscape architecture--Vocational guidance |
| 9 (RLIN) | 7702 |
| 856 40 - ELECTRONIC LOCATION AND ACCESS | |
| Materials specified | Amazon.com |
| Uniform Resource Identifier | <a href="http://www.amazon.com/exec/obidos/ASIN/1609012410/chopaconline-20">http://www.amazon.com/exec/obidos/ASIN/1609012410/chopaconline-20</a> |
| 942 ## - ADDED ENTRY ELEMENTS (KOHA) | |
| Source of classification or shelving scheme | |
| Koha item type | Book |
| Withdrawn status | Lost status | Source of classification or shelving scheme | Damaged status | Not for loan | Permanent Location | Current Location | Date acquired | Total Checkouts | Total Renewals | Full call number | Barcode | Date last seen | Date last checked out | Cost, replacement price | Price effective from | Koha item type |
|---|---|---|---|---|---|---|---|---|---|---|---|---|---|---|---|---|
| School of Art Design and Architecture (SADA) | School of Art Design and Architecture (SADA) | 07/15/2014 | 3 | 2 | 720.23 BEN 2012 | SADA0002359 | 08/29/2016 | 07/27/2016 | 6531.20 | 07/15/2014 | Book |
